00325nam a2200121Ia 4500008004100000041000800041082001600049100002200065245004500087260002700132300003300159365001100192240624s9999 xx 000 0 und d aeng a006.312 BER aBERRY MICHAEL J A aMASTERING DATA MINING THE ART AND SCIENC c2014aNew DelhibWiley axviii, : 494 : p. : cm. ; 25 cRSb33